Estudos em Homenagem aos Professores Domenico Petrillo e Mario Fortes

Bibliographic Details
Main Author: de Moraes Mello, Cleyson
Other Authors: Moura de Almeida Neto, Jos ̌Rogřio
Format: eBook
Language:Portuguese
Published: Rio de Janeiro: Editora Processo, 2020
Subjects:
Online Access:Acceso restringido

MARC

LEADER 00000nam a22000007a 4500
005 2022080805575.0
007 cr|||| ||||
008 220808s2020 br |||||s|||| 00||0 por d
020 |a 978-85-93741-78-4 
035 |a 36792 
040 |a vLex 
090 |c 13674  |d 13674 
100 1 |a de Moraes Mello, Cleyson 
245 1 0 |a Estudos em Homenagem aos Professores Domenico Petrillo e Mario Fortes  |h [Recurso electrn̤ico] /  |c Cleyson de Moraes Mello, Jos ̌Rogřio Moura de Almeida Neto 
256 |a Servicio en ln̕ea 
260 |a Rio de Janeiro:  |b Editora Processo,  |c 2020 
300 |a 1 recurso electrn̤ico 
506 1 |a Disponible solo en los productos indicados  |d vLex Global  |d vLex Global (Academic Edition, excluding Law Schools)  |d vLex Global (U.S. Academic Edition, Law Schools)  |d vLex Global (U.S. Academic Edition, excluding Law Schools)  |d vLex Global (Academic Edition, Law Schools) 
650 0 4 |a Humanidades  |z Brasil 
700 1 |a Moura de Almeida Neto, Jos ̌Rogřio 
740 0 |a vLex Libros (Servicio en ln̕ea) 
856 4 0 |u https://app.vlex.com/#/sources/36792  |z Acceso restringido 
942 |c BOOK 
999 0 |a Humanities